Literature : (رقم التسجيلة. 79599)

تفاصيل مارك
000 -الفاتح
حقل البيانات ثابتة الطول 01473cam a2200361 a 4500
001 - رقم الضبط
رقم الضبط 151619
003 - محدد رقم الضبط
رقم الضبط Ma-Un
005 - وقت وتاريخ اخر تعامل مع التسجيلة
رقم الضبط 20211229094614.0
008 - عناصر البيانات ثابتة الطول - معلومات عامة
حقل البيانات ثابتة الطول 981112s2000 txu 001 0 eng
020 ## - الرقم الدولى المعيارى للكتب
الرقم الدولى المعيارى للكتاب 9781337281027
040 ## - مصدر الفهرسة
وكالة الفهرسة الأصلية DLC
وكالة النسخ DLC
وكالة التعديل DLC
050 00 - رقم طلب مكتبة الكونجرس
رقم التصنيف PE1479.C7
رقم المادة K57 2000
082 00 - رقم تصنيف ديوى العشرى
رقم التصنيف 808
رقم المادة KLL
رقم الطبعة 21
100 1# - المدخل الرئيسى - إسم شخصى
الإسم الشخصى Kirszner, Laurie G.
245 10 - بيان العنوان
العنوان Literature :
بقية العنوان reading, reacting, writing /
بيان المسئوليه,etc Laurie G. Kirszner, Stephen R. Mandell.
250 ## - بيان الطبعة
بيان الطبعة Compact 9th ed.
260 ## - PUBLICATION, DISTRIBUTION, ETC. (IMPRINT)
مكان الناشر او الموزع Boston, MA :
اسم الناشر او الموزع Cengage Learning,
تاريخ النشر أو التوزيع c2017.
300 ## - الوصف المادى
التعداد 1684 p. ;
أبعاد الوعاء 24 cm.
500 ## - تبصرة عامة
تبصرة عامة Includes indexes.
504 ## - تبصرة ببليوجرافية
تبصرة ببليوجرافية,الخ يشتمل على قائمة ببليوجرافية.
650 #0 - المدخل الاضافى بالموضوع-مصطلح موضوعى
مصطلح موضوعي أو اسم جغرافي كعنصر مدخل English language
التقسيم الفرعي العام Rhetoric.
650 #0 - المدخل الاضافى بالموضوع-مصطلح موضوعى
مصطلح موضوعي أو اسم جغرافي كعنصر مدخل Literature
التقسيم الفرعي العام History and criticism
-- Theory, etc.
650 #0 - المدخل الاضافى بالموضوع-مصطلح موضوعى
مصطلح موضوعي أو اسم جغرافي كعنصر مدخل Criticism
التقسيم الفرعي العام Authorship.
650 #0 - المدخل الاضافى بالموضوع-مصطلح موضوعى
مصطلح موضوعي أو اسم جغرافي كعنصر مدخل College readers.
650 #0 - المدخل الاضافى بالموضوع-مصطلح موضوعى
مصطلح موضوعي أو اسم جغرافي كعنصر مدخل Report writing.
700 1# - المدخل الاضافى - اسم شخصى
الإسم الشخصى Mandell, Stephen R.
856 42 - الوصول و الموقع الالكترونى
معرف المصدر الموحد http://www.loc.gov/catdir/enhancements/fy1514/98089402-b.html
856 42 - الوصول و الموقع الالكترونى
معرف المصدر الموحد http://www.loc.gov/catdir/enhancements/fy1514/98089402-d.html
856 41 - الوصول و الموقع الالكترونى
معرف المصدر الموحد http://www.loc.gov/catdir/enhancements/fy1514/98089402-t.html
952 ## - LOCATION AND ITEM INFORMATION (KOHA)
نوع المادة فى نظام كوها كتاب
952 ## - LOCATION AND ITEM INFORMATION (KOHA)
نوع المادة فى نظام كوها كتاب
952 ## - LOCATION AND ITEM INFORMATION (KOHA)
نوع المادة فى نظام كوها كتاب
952 ## - LOCATION AND ITEM INFORMATION (KOHA)
نوع المادة فى نظام كوها كتاب
952 ## - LOCATION AND ITEM INFORMATION (KOHA)
نوع المادة فى نظام كوها كتاب
952 ## - LOCATION AND ITEM INFORMATION (KOHA)
نوع المادة فى نظام كوها كتاب
952 ## - LOCATION AND ITEM INFORMATION (KOHA)
نوع المادة فى نظام كوها كتاب
942 ## -
-- ddc
-- BOOK
906 ## - عنصر بيانات محلى F, LDF (RLIN)
a 7
b cbc
c orignew
d 2
e opcn
f 19
g y-gencatlg
المقتنيات
حالة الفقد نموذج السعر الفعال حالة تلف ليس للاعارة تاريخ الاكتساب رقم الطلب تاريخ الاكتساب الموقع الحالي الباركود الفرع الرئيسي Date last seen مصدر التصنيف او خطة الترفيف Total Checkouts
  2021-12-29     2021-12-29 808 KLL 2021-12-29 CL 00168426 المكتبة المركزية بالمجمعة (CL) 2021-12-29 Dewey Decimal Classification  
  2021-12-29     2021-12-29 808 KLL 2021-12-29 CL 00168427 المكتبة المركزية بالمجمعة (CL) 2021-12-29 Dewey Decimal Classification  
  2021-12-29     2021-12-29 808 KLL 2021-12-29 CL 00168428 المكتبة المركزية بالمجمعة (CL) 2021-12-29 Dewey Decimal Classification  
  2021-12-29     2021-12-29 808 KLL 2021-12-29 EMF 00168431 مكتبة مجمع الطالبات بالمجمعة (EMF) 2021-12-29 Dewey Decimal Classification  
  2021-12-29     2021-12-29 808 KLL 2021-12-29 EMF 00168432 مكتبة مجمع الطالبات بالمجمعة (EMF) 2021-12-29 Dewey Decimal Classification  
  2021-12-29     2021-12-29 808 KLL 2021-12-29 EZF 00168429 مكتبة مجمع الطالبات بالمجمعة (EMF) 2021-12-29 Dewey Decimal Classification  
  2021-12-29     2021-12-29 808 KLL 2021-12-29 EZF 00168430 مكتبة مجمع الطالبات بالمجمعة (EMF) 2021-12-29 Dewey Decimal Classification